The economics of freedom; the progress and future of aid to Europe /

Bibliographic Details
Main Author: Ellis, Howard Sylvester, 1898-1992
Corporate Author: Council on Foreign Relations
Format: Book
Language:English
Published: New York : Published for the Council on Foreign Relations by Harper, 1950.
Edition:[1st ed.].
Subjects:

MARC

Tag First Indicator Second Indicator Subfields
LEADER 00000cam a2200000 4500
001 in00000053734
005 20151008050855.0
008 720119s1950 nyu b 00000 eng u
010 |a  50009247  
035 |a (OCoLC)00224234 
035 |9 AAG3971AM 
040 |c WSU  |d TXA  |d UtOrBLW 
049 |a TXAM  |c [186770] 
050 0 |a HC240  |b .E43 
092 |a 330.94  |b E47e 
100 1 |a Ellis, Howard Sylvester,  |d 1898-1992. 
245 1 4 |a The economics of freedom; the progress and future of aid to Europe /  |c By Howard S. ellis assisted by the research staff of the Council on foreign Relations. With an introd. by Dwight D. Eisenhower. 
250 |a [1st ed.]. 
264 1 |a New York :  |b Published for the Council on Foreign Relations by Harper,  |c 1950. 
300 |a 549 pages 
336 |a text  |b txt  |2 rdacontent 
337 |a unmediated  |b n  |2 rdamedia 
338 |a volume  |b nc  |2 rdacarrier 
504 |a Bibliographical footnotes. 
650 0 |a Reconstruction (1939-1951)  |z Europe. 
651 0 |a Europe  |x Economic conditions  |y 1945- 
710 2 |a Council on Foreign Relations. 
999 |a MARS 
999 f f |s dafece10-eda6-3433-8f19-43d5753389f0  |i 157cffc9-5e5b-33a7-b8b4-35daab23db59  |t 0 
952 f f |p ric  |a Texas A&M University  |b Rellis Campus  |c Joint Library Facility  |d Remote Storage  |t 0  |e HC240 .E43  |h Library of Congress classification  |i unmediated -- volume  |m A14800700102 
998 f f |a HC240 .E43  |t 0  |l Remote Storage